• 首页
  • 本馆介绍
  • 公告通知
  • 最新文献
  • 馆藏检索
  • 电子资源
  • 读者导购
  • 参考咨询
  • 我的图书馆
  • 登录
  • 详细信息显示
  • 放入我的书架
  • 预约/预借图书
  • 作者相关作品
  • 分类相关作品
  • 丛书相关作品
  • 出版社相关作品

书目信息

  • 表格格式
  • 工作单格式
  • 卡片格式
题名:
河北省交通地名图册
    
 
作者: ;河北省地名委员会办公室 编
分册:  
出版信息: 石家庄   不详  1984.12
页数: 14幅
开本: 19cm
丛书名:
单 册:
中图分类: K992.9
科图分类:
主题词: 旅游图--中国
电子资源:
ISBN:
000 00618nam0 2200205 45
001 0309271150
005 20050105112255.0
010    @dCNY0.78
100    @a20030927d1984 km y0chiy0120 ea
101 0  @achi
105    @ab z 000yy
200 1  @a河北省交通地名图册@AHe Bei Sheng Jiao Tong Di Ming Tu Ce@f河北省地名委员会办公室编@FHe Bei Sheng Di Ming Wei Yuan Hui Ban Gong Shi Bian
210    @a石家庄@c不详@d1984.12
215    @a14幅@d19cm
300    @a内部用图
606 0  @a旅游图@x中国
690    @aK992.9@v3
711 02 @a河北省地名委员会办公室@4编
801    @aCN@bTSTC@c20030927
905    @dK992.9@e18@f1@b172189
    
    河北省交通地名图册/河北省地名委员会办公室编.-石家庄:不详,1984.12
    14幅;19cm
    内部用图
    
    ISBN :CNY0.78
    
●
相关链接 在E读中查询图书 在五车中查询图书 在当当中查询图书 在豆瓣中查询图书


正题名:河北省交通地名图册     索取号:K992.9/18         预约/预借

序号 登录号 条形码 馆藏地/架位号 状态 备注
1 0172189   001965635   密集书库/ [索取号:K992.9/18] 在馆    
2 0172190   000082877   密集书库/ [索取号:K992.9/18] 在馆    
3 0172191   000082868   第二样本阅览室/ [索取号:K992.9/18] 在馆    
4 0229001   001729507   密集书库/ [索取号:K992.9/18] 在馆    
唐山师范学院图书馆 欢迎您!
大连网信软件有限公司© 版权所有